[Event "Rohde op 09th"]
[Site "Sautron"]
[Date "2009.10.31"]
[Round "9"]
[White "Wirig, Anthony"]
[Black "Meijers, Viesturs"]
[Result "1/2-1/2"]
[WhiteElo "2490"]
[BlackElo "2471"]
[Annotator "Primel,D"]
[PlyCount "105"]
[EventDate "2009.10.24"]
[EventType "swiss"]
[EventRounds "9"]
[EventCountry "FRA"]
[SourceTitle "EXT 2010"]
[Source "ChessBase"]
[SourceDate "2010.11.25"]
[SourceVersion "1"]
[SourceVersionDate "2010.11.25"]
[SourceQuality "1"]

1. d4 d5 2. Nf3 Nf6 3. c4 e6 4. Bg5 Be7 5. e3 Nbd7 6. Nc3 O-O 7. Rc1 b6 8. cxd5
exd5 9. Qa4 (9. Bb5) (9. Bd3) 9... c5 10. Bb5 Bb7 11. O-O a6 12. Bxd7 Nxd7 13.
Bxe7 Qxe7 14. Qa3 (14. dxc5 bxc5 15. Rfd1 d4 16. exd4 Bxf3 17. gxf3 Qg5+) 14...
Rfe8 $146 ({RR} 14... Rfc8 15. Na4 Rc7 16. dxc5 bxc5 17. Rc2 h6 18. Rfc1 Rac8
19. h3 Qf8 20. Nd4 g6 21. Ne2 c4 22. Qxf8+ Kxf8 23. Rd2 Bc6 24. Nac3 Nf6 25.
Nf4 Rb7 26. Rcc2 Rd8 27. Rd4 g5 28. Nfe2 Rdb8 29. Rdd2 {Collas,D (2422)
-Meijers,V (2477)/St Chely d'Aubrac 2004/CBM 101 ext/1/2-1/2 (62)}) 15. b3 Rac8
16. Rfd1 Qe6 17. Ne2 c4 $1 18. Qb4 b5 19. a4 Qb6 20. Nc3 bxa4 21. Qxb6 Nxb6 22.
bxa4 Bc6 23. Ra1 f6 24. Rdb1 Rb8 25. Nd2 a5 26. Ra2 Rb7 27. Kf1 Reb8 28. Rab2 {
[%csl Rb7,Rb8]} Kf8 (28... Nc8 29. Rxb7 Rxb7 30. Rxb7 Bxb7 31. e4 {[%cal Gd2c4]
}) 29. f3 f5 30. Kf2 Ke7 31. g4 fxg4 32. fxg4 Nd7 33. Rxb7 Rxb7 34. Rxb7 Bxb7
35. e4 {[%cal Gd2c4]} Ke6 (35... Nb6 {[%cal Gb6c4,Gb6a4]}) 36. Ke3 Nb6 37.
exd5+ Bxd5 (37... Nxd5+ 38. Nxd5 Kxd5 $15) 38. h4 h6 39. Nde4 Bc6 40. Nc5+ Kf6
41. N5e4+ Ke7 42. Nd2 Bd7 43. d5 Bxg4 44. Kd4 Bd7 45. Kc5 Nxa4+ 46. Nxa4 Bxa4
47. Nxc4 g5 48. hxg5 hxg5 49. Nxa5 g4 50. Kd4 g3 51. Ke3 Kd6 52. Kf3 Kxd5 53.
Kxg3 1/2-1/2

[Event "ROM-chT"]
[Site "Eforie Nord"]
[Date "2000.12.22"]
[Round "5"]
[White "Rogozenco, Dorian"]
[Black "Ciolac, Gheorghe"]
[Result "1-0"]
[WhiteElo "2531"]
[BlackElo "2323"]
[Annotator "Rogozenco,D"]
[PlyCount "93"]
[EventDate "2000.12.18"]
[EventType "team"]
[EventRounds "5"]
[EventCountry "ROU"]
[SourceTitle "CBM 081"]
[Source "ChessBase"]
[SourceDate "2001.03.20"]
[SourceVersion "1"]
[SourceVersionDate "2001.03.20"]
[SourceQuality "1"]
[WhiteTeam "Bucharest RAT"]
[BlackTeam "Bucharest Electrica"]
[WhiteTeamCountry "ROU"]
[BlackTeamCountry "ROU"]

1. d4 {Tsesarsky} Nf6 2. c4 e6 3. Nc3 d5 4. Bg5 Be7 5. e3 O-O 6. Nf3 Nbd7 7.
Rc1 a6 {Quite an interesting line, where Black has very good chances to
equalize.} 8. c5 c6 9. Bd3 e5 10. dxe5 Ne8 11. Bxe7 {A quiet move which leads
to a slight edge. In my opinion with an accurate play Black is able to
equalize.} (11. h4 {is more aggressive, but I am not sure that it is the
strongest if Black defends correctly.}) ({another mainlines are:} 11. h4) (11.
Bf4 Nxc5 12. Bb1) 11... Qxe7 12. Qc2 {Tsesarsky:} ({Other variations allow
Black to equalize:} 12. Bb1 Nxe5 13. Nxe5 Qxe5 14. O-O Nf6 15. Qd4 Qg5 $132 {
1/2-1/2 Lukacs,P-Zoltek,T/Lodz(3) 1979 (48)}) (12. Na4 Nxe5 13. Nxe5 Qxe5 14.
Nb6 Rb8 15. Nxc8 Rxc8 16. Qb3 Rc7 $11 {1-0 Michalski,O-Maciejewski,M/Polanica
Zdroj 1994 (33)}) (12. b4 Nxe5 13. Nxe5 Qxe5 14. O-O Nc7 $11) 12... g6 {
Tsesarsky:} ({Not bad another continuation:} 12... h6 {Here worth of attention
active promotion} 13. e4 $5 (13. O-O Nxe5 14. Nxe5 Qxe5 15. Qa4 Nf6 16. Qd4 $11
{0-1 Estremera Panos,S-Spassky,B/Oviedo rapid 1991 (39)}) (13. Ne2 Nxe5 14.
Nxe5 Qxe5 15. Qc3 Qc7 16. O-O Nf6 17. Qd4 Bg4 $132 {1-0 Lerner Konstantin
Z-Ziatdinov,R/Tashkent Uzbekistan 1986 (61)}) 13... Nxe5 $1 (13... Nxc5 14.
exd5 $16) 14. Nxe5 Qxe5 15. O-O Nf6 (15... dxe4 16. Nxe4 $14) 16. exd5 {
-like in the game noted above: 1-0 Kotronias,V-Goldin,A/Sochi-A 1989 (40)} (16.
exd5 Ng4 (16... Nxd5 17. Rfe1 Qh5 18. Nxd5 Qxd5 19. Bc4 $14) 17. g3 Qh5 18. h4
cxd5 $132 {1-0 Kotronias,V-Goldin,A/Sochi-A 1989 (40)}) (16. h3 dxe4 17. Nxe4
Nd5 18. Qd2 Nf4 (18... Bf5 $6 19. Rfe1 Bg6 20. Bb1 $14 {1/2-1/2 Schmidt,
W-Gdanski,J/MK Cafe, Koszalin POL 1997 (59)}) 19. Bb1 Be6 20. Rfe1 Bd5 $11 {
0-1 Ageichenko Genadi A-Arbakov,V/Moscow ch RUS 1988 (60)})) 13. e4 $146 {
'!?' Tsesarsky. Tsesarsky: 'White tries to play actively.'} (13. Na4 $5 Nxe5
14. Nxe5 Qxe5 15. Nb6 Rb8 16. Qc3 $11 {/+/=.}) (13. Ne2 Nxe5 14. Nxe5 Qxe5 {
Tsesarsky: 'and White leaves with a small advantage after'} 15. Qc3 (15. O-O
Ng7 16. Nd4 f5 17. Nf3 Qe7 18. Rfe1 $14 {1/2-1/2 Mikenas-Garcia Vera,R/Rosario
1939 (37)}) 15... Qe7 (15... Qxc3+ 16. Rxc3 {/\Rd2, b4, a4+/=.}) 16. O-O Bg4
17. Nd4 Nc7 18. a4 $14 {1-0 Tabatadze,T-Begovac,F/Novi Sad 1988/ (40)}) (13. b4
Nxe5 14. Nxe5 Qxe5 15. O-O Ng7 16. e4 $11 {/+/=. 1/2-1/2 Bock,J-Thielen,D/Goch
1996/ (40)}) 13... Nxe5 (13... Nxc5 $2 14. exd5 Bg4 15. Be2 Bxf3 16. Bxf3 Qxe5+
17. Ne2 $18) 14. Nxe5 Qxe5 15. O-O dxe4 (15... Nf6 $6 16. exd5 Ng4 17. g3 Qh5
18. h4 $16) 16. Nxe4 f5 $2 {This only weakens Black's position and it is a
clear mistake.} (16... Bf5 17. Rfe1 Rd8 $1 {Of course Black must have played
this. The position is rather equal.} 18. Qb3 $5 (18. b3 Qd4 19. Rcd1 Rd5 20.
Qb1 Qb4 $13) 18... Be6 19. Qa3 $14 {/=.}) 17. Ng5 $16 Qf6 18. Bc4+ Kh8 19. f4 (
19. Rfe1 $5 $16 Qxg5 $140 $2 (19... Nc7 $16) 20. Rxe8 $1 $18 Rxe8 21. Qc3+)
19... h6 20. Nf3 Be6 21. Bxe6 {The natural move. However, it turns out to be
an innacuracy and gives the opponent chances to escape.} (21. Qb3 Bxc4 22. Rxc4
$16) 21... Qxe6 22. Qc3+ Nf6 23. Rfe1 Qf7 $1 {I overlooked this move. Thought
that the Knight comes on e5 attacking the Queen, but Black holds somehow.} (
23... Qxa2 $2 24. b3 $18) 24. Rcd1 (24. Ne5 Qg7) 24... Kh7 (24... Qg7 25. Ne5
Kh7 {- 24. ... Kh7}) 25. Ne5 (25. Rd6 Rad8 $1 {And although White still has
the initiative, there is nothing concrete.} (25... Ne4 {My opponent intended
this, but it loses by force:} 26. Rxe4 fxe4 27. Ne5 Qxf4 28. Rd7+ Kg8 29. Qb3+
$18)) 25... Qg7 26. Nd7 Nxd7 $4 (26... Rf7 27. Nxf6+ Rxf6 $14 {White's
advantage is not enough for a win.}) 27. Qxg7+ Kxg7 28. Rxd7+ Rf7 29. Ree7 {
Now it's all over.} Rxe7 (29... Raf8 30. Rxb7 $18) 30. Rxe7+ Kf6 31. Rxb7 $18
Ke6 (31... Rd8 32. Rb6 $18) 32. Rg7 g5 33. fxg5 hxg5 34. Rxg5 Rb8 35. Rg6+ (35.
b3 Rb5 36. Rg6+ Kd7) 35... Kd5 (35... Kd7 36. Rd6+ Kc7 37. Rd2 Rb5 38. Rc2 $18)
36. b3 Rf8 (36... Kxc5 37. Rg5 Kd4 38. Rxf5 $18) 37. Kf2 Kxc5 38. Kf3 a5 39. h4
a4 40. bxa4 Ra8 41. Rf6 Rxa4 42. Rxf5+ Kd6 43. h5 Ke6 (43... Rxa2 $142 {
a tougher defence, but White is winning anyway.}) 44. g4 Rxa2 45. Kf4 Rc2 46.
h6 Rh2 47. Kg5 1-0

[Event "British CF-72 Championship"]
[Site "Edinburgh"]
[Date "1985.08.01"]
[Round "4"]
[White "Levitt, Jonathan"]
[Black "Hartston, William R"]
[Result "0-1"]
[WhiteElo "2375"]
[BlackElo "2430"]
[Annotator "Schiller,E"]
[PlyCount "84"]
[EventDate "1985.07.29"]
[EventType "swiss"]
[EventRounds "11"]
[EventCountry "SCO"]
[SourceTitle "EXT 1999"]
[Source "ChessBase"]
[SourceDate "1998.11.16"]
[SourceVersion "1"]
[SourceVersionDate "1998.11.16"]
[SourceQuality "1"]

1. d4 Nf6 2. Nf3 d5 3. c4 e6 4. Nc3 Nbd7 5. Bg5 Be7 6. e3 h6 $5 7. Bh4 O-O 8.
Rc1 a6 9. cxd5 exd5 (9... Nxd5 10. Bxe7 Nxe7 (10... Qxe7 11. e4 Nf4 12. Qd2 Ng6
13. Bd3 $14) 11. e4 $14) 10. Bd3 c6 11. O-O Re8 12. Bg3 Nf8 $5 $146 (12... Bf8
13. Bb1 $1 $16 {Gligoric-Hort, Palma izt 1970}) 13. Ne5 N6d7 14. e4 (14. Nxc6
$5 bxc6 15. Nxd5) (14. f4) 14... Nxe5 15. Bxe5 dxe4 16. Bxe4 Nd7 17. Bg3 Nf6
18. Bb1 Be6 19. Qd3 g6 20. Qd2 Nd5 21. Be5 (21. Qxh6 $4 Bg5) 21... Kh7 22. Rcd1
Qd7 23. h3 Rad8 24. Be4 Bf5 25. Bxd5 cxd5 26. Rc1 Rc8 27. Rfe1 $6 b5 28. Ne2 f6
29. Bf4 g5 30. Be3 Rc4 $1 $17 31. Rxc4 dxc4 32. Rd1 Bd6 33. h4 Bd3 34. hxg5
hxg5 35. Nc1 Be4 36. Qe2 Kg6 37. d5 Qh7 $1 38. Qg4 Qh2+ 39. Kf1 Qh1+ 40. Ke2
Qxg2 41. Qxg2 Bxg2 42. b3 g4 0-1

[Event "Sigeman & Co 22nd"]
[Site "Malmo"]
[Date "2014.05.19"]
[Round "5"]
[White "Smith, Axel"]
[Black "Grandelius, Nils"]
[Result "0-1"]
[WhiteElo "2478"]
[BlackElo "2587"]
[Annotator "Schulz,Andre"]
[PlyCount "92"]
[EventDate "2014.05.15"]
[EventType "tourn"]
[EventRounds "5"]
[EventCountry "SWE"]
[EventCategory "14"]
[SourceTitle "CBM 161"]
[Source "ChessBase"]
[SourceDate "2014.07.16"]
[SourceVersion "1"]
[SourceVersionDate "2014.07.16"]
[SourceQuality "1"]

1. d4 Nf6 2. c4 e6 3. Nf3 d5 4. Nc3 Be7 5. Bg5 h6 6. Bh4 O-O 7. e3 b6 8. Be2
Nbd7 9. cxd5 exd5 10. O-O Bb7 11. Rc1 Re8 (11... c5 12. Qa4 a6 13. dxc5 bxc5
14. Rfd1 Qb6 15. Qb3 Qa7 16. Bg3 Rad8 17. Rd2 Rfe8 18. Qd1 Bf8 19. Bh4 Qa8 20.
Ne1 Be7 21. Bg3 Nf8 22. Nf3 Ne6 23. Bh4 d4 24. exd4 cxd4 25. Na4 Nf4 26. Nc5
Bxc5 27. Bxf6 d3 28. Bxd3 Bxf3 29. gxf3 Rd5 30. Bh4 Bb4 31. Rc3 Bxc3 32. bxc3
Red8 {0-1 (32) Topalov,V (2740)-Kasparov,G (2825) Sofia 1998}) 12. Qa4 a6 13.
Rfd1 (13. b4 c6 14. Bd3 a5 15. bxa5 Rxa5 16. Qb3 Ra3 17. Qd1 b5 18. Bb1 Qa8 19.
Ne2 b4 20. Ne5 Nxe5 21. dxe5 Nd7 22. Bg3 Ba6 23. Re1 Nf8 24. Nd4 c5 25. Nf5 Ne6
26. Qg4 Kf8 27. f4 Bd3 28. Bxd3 Rxd3 29. Nxe7 Rxe7 30. Qf5 c4 31. Qh7 Ke8 32.
f5 Nf8 33. Qxg7 Rd2 34. Bf4 Rxa2 35. Bxh6 Kd7 36. Qxf8 Qxf8 37. Bxf8 b3 38.
Bxe7 Kxe7 39. Ra1 Rxa1 40. Rxa1 b2 {0-1 (40) Blum,G (2270)-Blatny,P (2480) Neu
Isenburg 1992}) 13... Bd6 14. Ne1 Qb8 {Schwarz schielt nach h2.} 15. Bg3 Bxg3
16. hxg3 {In den nächsten Zügen verbessert Schwarz systematisch seine
Figurenstellung, während es dem weißen Spiel an Ideen mangelt.} Nf8 17. Nd3
Ne6 18. b4 Qd8 19. Qb3 Qd6 20. a4 Rad8 21. Qb2 {Ein etwas mysteriöser Zug.}
Ng5 22. Nf4 Re7 23. Nb1 {Auch dieses Springermanöver bedarf einer Erklärung.}
Nge4 24. Nd2 Bc8 25. Nxe4 {Den Se4 hätte man auch von c3 aus tauschen können.
} dxe4 {Das Wiedernehmen mit dem Bauern ist etwas überraschend, denn e4 war
ein schönes Feld für den Springer. Allerdings hat Schwarz nun über die
Drehscheibe d5 evtl. einen schönen Weg für seine Figuren zum weißen
Königsflügel.} 26. b5 axb5 27. axb5 Bb7 28. Bc4 Kf8 {Vorbereitung für den
kommenden Angriff.} 29. Ra1 g5 30. Ne2 h5 31. Ra7 Bd5 32. Rc1 Rdd7 33. Bxd5
Qxd5 34. Rc6 Kg7 35. Nc3 Qf5 36. Qe2 h4 {Houdini findet die Position völlig
ausgeglichen, aber aus menshclicher Sicht ist sie ein Spiel auf ein Tor.} 37.
gxh4 gxh4 38. Kf1 Qg5 39. Qc4 {Nun ist Weiß mit seinem Angriff auf c7 zum
ersten Mal im gegenerischen Strafraum...} Ng4 40. Ke2 $2 ({Für} 40. Raxc7 {
war keine Zeit:} Nh2+ 41. Ke1 (41. Kg1 h3 42. g3 Ng4 43. Rxd7 h2+ 44. Kg2 h1=Q+
45. Kxh1 Qh5+ 46. Kg2 Qh2+ 47. Kf1 Qxf2#) 41... Qxg2 42. Rxd7 Rxd7 43. Rxb6 h3
$19) ({Aber} 40. Ke1 {scheint vielleicht noch OK zu sein:} h3 (40... Qf5 41.
Qf1 $11) 41. gxh3 Nh2 42. Kd2 Qg1 43. Kc2 Qxf2+ 44. Qe2 Qxe2+ 45. Nxe2 Nf1 46.
Rc3 $11) 40... Qf5 {Mit dem König auf e2 geht Df1 nicht...} 41. Nd1 (41. Kd2
Ne5 $19) 41... Ne5 $3 42. dxe5 h3 {Die Pointe. Feld f3 wird für die Dame frei
geräumt.} 43. e6 (43. gxh3 Qf3+ 44. Ke1 Rxd1#) 43... hxg2 (43... Qg4+ {
war auch gut.}) 44. exd7 Rxd7 45. Qc3+ f6 46. Rxf6 Qxb5+ ({Nicht etwa} 46...
Qxf6 $4 47. Rxc7 $11) (46... Qxb5+ 47. Ke1 g1=Q#) 0-1

[Event "Olympiad-35"]
[Site "Bled"]
[Date "2002.10.30"]
[Round "5.1"]
[White "Simutowe, Amon"]
[Black "Dervishi, Erald"]
[Result "1/2-1/2"]
[WhiteElo "2383"]
[BlackElo "2513"]
[Annotator "Simutowe,A"]
[PlyCount "204"]
[EventDate "2002.10.26"]
[EventType "team-swiss"]
[EventRounds "14"]
[EventCountry "SLO"]
[SourceTitle "EXT 2003"]
[Source "ChessBase"]
[SourceDate "2002.11.25"]
[SourceVersion "1"]
[SourceVersionDate "2002.11.25"]
[SourceQuality "1"]
[WhiteTeam "Zambia"]
[BlackTeam "Albania"]
[WhiteTeamCountry "ZAM"]
[BlackTeamCountry "ALB"]

1. d4 Nf6 2. c4 e6 3. Nc3 d5 4. Nf3 Be7 5. Bg5 O-O 6. e3 Nbd7 7. Rc1 a6 8. c5
c6 (8... Ne4 {is another variation} 9. Nxe4 dxe4 10. Bxe7 Qxe7 11. Nd2 Nf6 12.
c6 bxc6 13. Rxc6 {1-0 after 56 moves Vaganian-Csom Hastings 1974}) 9. Bd3 Re8 (
9... e5 10. dxe5 Ne8 {leads to another variation}) (9... b6 10. cxb6 Qxb6 11.
O-O Qxb2 12. Na4 Qb7 13. Ne5 c5 14. Nxd7 Bxd7 15. Nxc5 Bxc5 16. Bxf6 gxf6 17.
Qg4+ Kh8 18. Qh4 f5 19. Qf6+ Kg8 20. Qg5+ Kh8 21. Qf6+ Kg8 22. dxc5 Bc6 23.
Qg5+ Kh8 24. Qf6+ Kg8 25. Rb1 Qc7 26. Rb4 Ra7 $2 27. Qg5+ Kh8 28. Qf6+ Kg8 29.
Rfb1 $2 (29. Rg4+ $1 fxg4 30. Qg5+ Kh8 31. Qh6 {wins}) 29... Bb5 30. Rg4+ fxg4
31. Qg5+ Kh8 32. Qh6 {1-0 Hort-Portisch Madrid 1973}) 10. h3 g6 11. Bf4 Nh5 12.
Bh2 {The White Dark squared Bishop has command of the h2-b8 diagonal} Bf6 13.
Be2 Ng7 14. e4 {avoiding the potential ..e5} b6 (14... dxe4 15. Nxe4 Qa5+ 16.
Qd2 Qxa2 $2 {is bad due to} 17. Nd6 Rf8 18. Bc4 Qa4 19. O-O {followed by Ra1
which wins material for White}) 15. cxb6 Qxb6 16. Qd2 Bb7 17. O-O c5 18. Na4
Qb4 19. Qxb4 cxb4 20. Rc7 Bc8 21. e5 $14 Bd8 22. Rc2 Nf5 23. Rfc1 Bb7 24. b3
Ba5 25. Bf4 Rec8 26. Bd2 Ne7 27. Bg5 Rxc2 28. Rxc2 Nc6 29. Kf1 Rc8 30. Bd3 Kg7
31. h4 h6 32. Be3 {with the idea of g4-g5} Bd8 33. g4 f6 34. exf6+ Bxf6 35. g5
hxg5 36. hxg5 Bd8 {White is still in control of the position} 37. Nc5 Nxc5 38.
Rxc5 Bb6 39. Rc1 Rf8 40. Kg2 e5 41. Bxa6 $1 Ba8 42. Rd1 Rf7 43. Bb5 e4 44. Nh2
Nd8 45. Ng4 Ne6 46. Ne5 Rc7 47. Bd7 Nf8 48. Bg4 Rc2 49. Ra1 $8 Bb7 50. a3 Rc3
51. axb4 Rxb3 52. Ra4 Rb1 53. Bh3 Rd1 54. Bg4 Rb1 55. Nd7 Nxd7 (55... Bc8 56.
Nxb6 Bxg4 57. Ra7+ Kg8 58. Kg3 Be6 59. Ra4 Bd7 60. Nxd7 Nxd7 61. Ra5 Rxb4 62.
Rxd5 Rb7 63. Kf4 {is better for white}) 56. Bxd7 Kf7 57. b5 Ke7 58. Bc6 Bxc6
59. bxc6 Bc7 60. Ra7 Kd8 61. Ra8+ Rb8 62. Ra6 Rb6 63. Ra5 Rxc6 64. Rxd5+ Ke7
65. Rb5 Kd7 66. Rd5+ Ke7 67. Kf1 Rb6 68. Rc5 Kd7 69. d5 Rb1+ 70. Kg2 Rd1 71.
Rb5 Rd3 72. Kf1 Ra3 73. Rb7 Kc8 74. Rb4 Ra5 75. Rxe4 Rxd5 76. Re8+ Rd8 77. Re7
Rd7 78. Re4 Kd8 79. Bd4 Kc8 80. Re8+ $2 {better is} (80. Bf6 Bb6 (80... Rd2 81.
Ke1 (81. Re8+ Kd7 82. Rg8 Bb6 83. Rxg6 Bxf2) 81... Ba5) 81. Re8+ Kb7 82. Ke2
Rc7 83. f4 Rc8 84. Rxc8 Kxc8 85. f5 gxf5 86. g6 {wins for white.}) 80... Rd8
81. Re4 Kd7 82. Bf6 Re8 83. Rc4 Bd6 84. Kg2 Ke6 85. Kf3 Rb8 86. Re4+ Kf5 87.
Rd4 Rb3+ 88. Kg2 Ke6 89. Ra4 Ra3 90. Re4+ Kf5 91. Rd4 Ke6 92. Bg7 Ra2 93. Kf3
Bc5 94. Re4+ Kd5 95. Re5+ Kd6 96. Re8 (96. Re2 Rxe2 97. Kxe2 Ke6 {is still
equal}) 96... Rxf2+ 97. Kg3 Kd7 98. Rg8 Ke6 99. Bf6 Kf5 100. Rc8 Rc2 101. Kf3
Rf2+ 102. Kg3 Rc2 1/2-1/2

[Event "Selfoss Milk Masters 1st"]
[Site "Selfoss"]
[Date "2002.10.16"]
[Round "9"]
[White "Sokolov, Ivan"]
[Black "Tregubov, Pavel V"]
[Result "1-0"]
[WhiteElo "2684"]
[BlackElo "2594"]
[Annotator "Tsesarsky,I"]
[PlyCount "87"]
[EventDate "2002.10.08"]
[EventType "tourn"]
[EventRounds "9"]
[EventCountry "ISL"]
[EventCategory "12"]
[SourceTitle "CBM 092"]
[Source "ChessBase"]
[SourceDate "2003.02.06"]
[SourceVersion "1"]
[SourceVersionDate "2003.02.06"]
[SourceQuality "1"]

1. d4 d5 2. c4 e6 3. Nf3 Nf6 4. Nc3 Be7 5. Bg5 O-O 6. e3 Nbd7 7. Rc1 dxc4 8.
Bxc4 a6 9. a4 c5 10. O-O cxd4 11. exd4 Nb6 12. Bb3 Bd7 13. Re1 (13. a5 Nbd5 (
13... Nc8 14. Ra1 Bc6 15. Ne5 Nd5 16. Bd2 Nc7 17. Qg4 Nd6 18. Na4 Bxa4 19. Rxa4
Rc8 20. Bc2 Nd5 $132 {1/2-1/2 Sharavdorj,D-Hoffman,A/Istanbul 2000/EXT 2001 
(71)}) 14. Nxd5 Nxd5 15. Bxe7 Nxe7 16. Rc5 {-see commented game 0-1
Spangenberg,H-Hoffman,A/Buenos Aires 1998/CBM 65 [Tsesarsky,I] (42)}) (13. Bxf6
Bxf6 14. a5 Nc8 15. d5 e5 16. Ne4 Bf5 17. Nxf6+ Qxf6 18. Nd2 Bd3 19. Re1 Nd6
20. Bc2 Bxc2 {1/2-1/2 Korotylev,A-Lugovoi,A/St Petersburg 2000/CBM 76/[King] 
(20)}) ({The mainline is} 13. Ne5) 13... Bc6 14. Ne5 Nbd5 15. Qd3 (15. Qe2 Qd6
16. Red1 Nb4 17. Bf4 Qd8 18. Nxc6 bxc6 19. Be5 Ra7 20. Ne4 $14 {1/2-1/2
Spraggett,K-Ubilava,E/Roses 1992/TD (31)}) 15... Nb4 (15... g6 16. Qh3 Qd6 17.
Qh4 Qd8 18. a5 (18. Bxd5 Nxd5 19. Nxc6 Bxg5 (19... bxc6 20. Ne4 $14) 20. Nxd8
Bxh4 21. Nxb7 Rab8 22. Nc5 Rxb2 23. N3e4 Rb4 24. Red1 $11) (18. Qh3 Qd6 19. Qh4
Qd8 20. Qh3 Qd6 {1/2-1/2 Kantsler,B-Goldin,A/Uzhgorod 1987/EXT 97 (20)}) 18...
Rc8 19. h3 $14) 16. Qh3 Nfd5 ({Avoiding a trap:} 16... Qxd4 $2 17. Bxe6 $1 Bc5
(17... fxe6 18. Qxe6+ Kh8 19. Rcd1 Qa7 20. Nf7+ (20. Qxe7 $2 Nfd5 {[%csl Re7,
Rf2][%cal Gf8f2,Ga7f2,Gd5e7]} 21. Nf7+ (21. Nxd5 Qxf2+ 22. Kh1 Nxd5 $19) 21...
Kg8 22. Nxd5 Rxf7 23. Qxb4 Qxf2+ 24. Kh1 Bxd5 25. Qg4 Raf8 26. Rg1 Bb3 $17 {
[%csl Ra4,Rb2]}) 20... Rxf7 21. Qxf7 $18 {[%csl Re7,Rf6]}) 18. Re2 $16) 17. Bd2
$1 {White has space advantage and isolated central Pd4, so the more pieces
will be retained, the better will be chances for White to maintain an Attack.}
(17. Bxe7 $143 Qxe7 $132) 17... Bg5 {Black wants to exchange BB by hook or by
crook....} 18. Bxg5 Qxg5 19. Ne4 {At least White wins tempo...} Qe7 20. Qg3
Rfd8 (20... Rac8 $5) 21. h4 Be8 ({Badly was attempt to exchange pair of NN:} 
21... Nf6 $2 {[%csl Rf7][%cal Gb3f7]} 22. Nxf6+ Qxf6 23. Nxf7 $1 $16) 22. h5 h6
23. f4 Nf6 (23... Rac8 24. Rxc8 Rxc8 25. a5 (25. f5 exf5 26. Qh3 {[%csl Rf5]
[%cal Gh3c8]} Bd7 (26... Rc2 27. Qxf5 $16) 27. Bxd5 Nxd5 28. Nxd7 Qxd7 29. Nc5
Qc7 30. Qxf5 Rd8 31. Re5 Nf6 $15 {[%csl Rd4]}) 25... Qd8 26. Nc5 Bc6 27. Ng4 {
[%csl Rh6][%cal Gg4h6]} Kh8 28. Ne5 Kg8 29. Ng4 $11) 24. f5 Nbd5 ({Dubious is} 
24... Nxe4 $6 25. Rxe4 exf5 (25... Nd5 26. fxe6 fxe6 27. Qg4 $16) 26. Nxf7 fxe4
(26... Qxe4 27. Nd6+ $18 {[%csl Re4]}) 27. Nxd8+ Kh8 28. Ne6 (28. Rc7 Qf6 29.
Ne6 $16) 28... Bc6 29. Rf1 $16) 25. Nxf6+ Qxf6 $2 $16 {This move probably is
serious mistake.} ({After} 25... Nxf6 $1 {[%csl Rh5] Black equalizes in the
endgame:} 26. fxe6 fxe6 {[%csl Rh5]} 27. Nc6 $5 (27. Ng6 Qb4 28. Bxe6+ Kh7 29.
Rc4 Qxb2 30. Nf4 Qd2 $132 {[%csl Re1,Rh5]} (30... Rxd4 $2 31. Rc7 $18 {[%csl
Rg7]})) 27... Qd6 (27... Bxc6 28. Rxe6 $18) 28. Qxd6 Rxd6 29. Rxe6 Rxe6 30.
Bxe6+ Kf8 (30... Kh7 $143 31. Ne7 Nxh5 32. Rc7 Bxa4 33. Bf5+ Kh8 34. Rxb7 Rd8
35. d5 Nf6 36. b3 Be8 37. Be6 $14 {[%csl Gd5,Rh8]}) 31. Ne5 Rd8 32. Rc8 Ke7 33.
Rxd8 Kxd8 34. a5 Bxh5 $132) 26. fxe6 fxe6 27. Qg4 {[%cal Ge1f1]} Rd6 28. Bxd5
$1 {This strong move clarifies PP structure and dominating Ne5 is much more
powerful than Be8.} ({Good is} 28. Rf1 {too} Qe7 29. Bxd5 Rxd5 30. Rc3 $16 {
[%csl Ge5,Re8][%cal Gc3g3]}) 28... exd5 $2 $18 ({Better was} 28... Rxd5 29. Re4
$16 {[%cal Gc1f1]}) 29. Rc7 Qg5 ({Or} 29... Rb8 30. Rf1 Qg5 31. Qxg5 hxg5 32.
Rf5 $18) 30. Qxg5 hxg5 31. Nd3 {[%cal Ge1e7]} ({Wins also} 31. Rxb7 Bxa4 32.
Rc1 $18 {[%csl Rg7][%cal Gc1c7]}) 31... Rf6 (31... Bxh5 32. Ree7 Kf8 33. Rxb7
$18) 32. Ree7 Rf7 {Black had to exchange the only active piece and remains
with very passive Ra8 and Be8.} 33. Rxf7 Bxf7 {[%csl Ra8,Gc7,Gd3,Rf7]} 34. Rxb7
Bxh5 35. b4 {[%cal Gb4b5]} Be2 36. Nc5 Rf8 37. b5 axb5 38. axb5 Rf1+ 39. Kh2
Rb1 40. b6 Rb2 {Black tries to arrange any counterplay, but too late.} 41. Rb8+
Kf7 42. b7 Bf3 43. Kg3 Be4 44. Rc8 (44. Rc8 Rxg2+ 45. Kh3 g4+ 46. Kh4 $18) 1-0